000 01154cam a22002531i 4500
003 OSt
005 20250911124000.0
008 250910s2020 le g 000 0 ara c
020 _a9782745100733
040 _aSA-JeALM
_bara
_cSA-RiAUC
_erda
043 _af-mr---
082 0 4 _a371.0710964
_qSA-RiAUC
090 _a371.0710964
_bس و س
100 1 _aالسوسي، محمد المختار،
_d1900-1963
_eمؤلف.
245 1 0 _aمدارس سوس العتيقة :
_bنظامها، أساتذتها /
_cمحمد المختار السوسي.
264 1 _a[طنجة - المغرب] :
_bرضي الله عبدالوافي المختار السنوسي.
_bمؤسسة التغليف والطباعة والنشر والتوزيع للشمال.
_c[بين 1900 و1999]
300 _a141 صفحة ؛
_c24 سم.
336 _aنص
_btxt
_2rdacontent
_3كتاب
337 _aبدون وسيط
_bn
_2rdamedia
650 7 _aالمدارس الدينية الإسلامية
_zالمغرب
_zسوس
_2aucsh
650 7 _aالتعليم الديني الإسلامي
_zالمغرب
_zسوس
_2aucsh
942 _2ddc
_cBOOK
_n0
949 _aSA-JeALM
_d250910
_uosman123
_n1
999 _c11630
_d11630